000 01796nam a22002777a 4500
001 BRCA_9267
003 FranzMayer
005 20230719122322.0
008 230719b |||||||| |||| 00| 0 eng d
040 _aMFM
_besp
_cMFM
050 4 _aCO98
_bE53 N/A
082 _2BS1091
240 1 _aEntretenimiento histórico, y chronologico sobre la historia del antiguo testamento
_hLibro IV. Desde que entraron los israelitas en la tierra prometida, hasta que se fabricó el templo de Salomón
_lesp
245 0 _aEntretenimiento histórico, y chronologico sobre la historia del antiguo testamento
_bLibro IV. Desde que entraron los israelitas en la tierra prometida, hasta que se fabricó el templo de Salomón
260 _aN/L
_bE53
_cN/A
300 _a416 p
_c20.5 cm
440 _aEntretenimiento histórico, y chronologico sobre la historia del antiguo testamento
_nLibro IV.
_pDesde que entraron los israelitas en la tierra prometida, hasta que se fabricó el templo de Salomón
_vVolumen 4
_928851
500 _aEn el libro se omite mucha información como autor u otras personas encargadas de la obra, lugar donde se imprimió así como responsables o año de publicación.
500 _aEl libro contiene dos tiras de cuero en cada cubierta para que se unan entre sí.
500 _aEl libro contiene una pequeña firma con lápiz al inicio del mismo
500 _aVarias páginas del libro se encuentran dañadas y con piezas faltantes, correspondiente a daño por insectos o bacterias
505 _aTexto en: españolDirigido a: teólogos, historiadores, creyentes cristianos.Incluye índice temático
650 1 _2Biblia
_aBiblia cristiana
_vAntiguo testamento
_928852
651 _2Antiguo testamento
_aLa tierra prometida
_vTemplo de Salomón
_928853
942 _2lcc
_cB
999 _c10886
_d10886